| 000 | 00854nam a2200217 a 4500 | ||
|---|---|---|---|
| 003 | MX-MxUPN | ||
| 005 | 20240314084436.0 | ||
| 008 | 221021s1912 sp |||||r|||| 000 0 spa d | ||
| 040 |
_aMX-MxUPN _bspa _cMX-MxUPN |
||
| 041 | 0 | _aspa | |
| 050 | 1 | 4 |
_aLB1028 _bLL63 |
| 100 | 1 |
_aLlorca y García, Ángel, _d1866-1942 _930339 |
|
| 245 | 1 | 3 |
_aLa escuela primaria é instituciones complementarias de la educación popular en Francia, Bélgica, Suiza é Italia : _bnotas de viaje |
| 260 |
_aMadrid : _bLibrería de los Sucesores de Hernando, _c1912. |
||
| 300 | _a215 páginas | ||
| 650 | 7 |
_aEducación primaria _zEuropa _2 _918544 |
|
| 710 | 2 |
_aBiblioteca Miguel de Cervantes Saavedra (México) _951340 _epropietario anterior |
|
| 710 | 2 |
_aMuseo Pedagógico Nacional (México) _951335 _epropietario anterior |
|
| 902 | _aVíctor Ruiz/211022 | ||
| 942 |
_2lcc _cLIBRO |
||
| 999 |
_c208968 _d208968 |
||